Business statistics : (Record no. 92788)

MARC details
000 -LEADER
fixed length control field 00544nam a22001817a 4500
005 - DATE AND TIME OF LATEST TRANSACTION
control field 20150515170504.0
010 ## - LCCN (DPL NO)
LC control number ENG-112609
020 ## - INTERNATIONAL STANDARD BOOK NUMBER
International Standard Book Number 9789325976177
Terms of availability 395.00
035 ## - SYSTEM CONTROL NUMBER
System control number EN-96141
037 ## - SOURCE OF ACQUISITION
Source of stock number/acquisition DBAD/PUB
082 ## - DEWEY DECIMAL CLASSIFICATION NUMBER
Classification number 519.5
100 ## - MAIN ENTRY--PERSONAL NAME
Personal name Sharma, J.K.
245 00 - TITLE STATEMENT
Title Business statistics :
Statement of responsibility, etc by J.K. Sharma
Remainder of title problems and solutions /
260 ## - PUBLICATION, DISTRIBUTION, ETC. (IMPRINT)
Place of publication, distribution, etc New Delhi
Name of publisher, distributor, etc Vikas Publishing House
Date of publication, distribution, etc 2014
270 ## - ADDRESS
Address E-28, Sector-8, Noida
City New Delhi
Postal code 201301
300 ## - PHYSICAL DESCRIPTION
Extent ix,585p.:
Dimensions 27cm(pbk)
Other physical details ill.
942 ## - ADDED ENTRY ELEMENTS (KOHA)
Source of classification or shelving scheme Dewey Decimal Classification
Item type English Books
Call number suffix SHA
Classification part 519.5
Holdings
Withdrawn status Lost status Not for loan Collection code Home library Current library Date acquired Source of acquisition Cost, normal purchase price Full call number Barcode Copy number Cost, replacement price Koha item type
    Not For Loan Non-fiction D.B.Act.Division D.B.Act.Division 08/04/2015 DBAD/PUB 395.00 519.5 SHA EN-96141 1 395.00 English Books

© Delhi Public Library
Hit Counter
free hit counter